Trabajadoras de maquila: ¿nuevo perfil de mujer? /

Uloženo v:
Podrobná bibliografie
Hlavní autor: Cid, Nelly de
Další autoři: Castro, Carla, Rodríguez, Yadira
Médium: Text
Tagy: Přidat tag
Žádné tagy, Buďte první, kdo vytvoří štítek k tomuto záznamu!

MARC

LEADER 00000 a a2200000 04500
001 7104
003
040
100 |a Cid, Nelly de  
245 |a Trabajadoras de maquila:   |b ¿nuevo perfil de mujer? /  |c Nelly de Cid ; Carla Castro ; Yadira Rodríguez 
700 |a Castro, Carla  
700 |a Rodríguez, Yadira  
773 |g volumen 18, número 210; páginas 35-41  
999 |c 34330  |d 34330